书目信息 |
| 题名: |
非凡胜景
|
|
| 作者: | 肖东发 主编 ;向方 编著 | |
| 分册: | ||
| 出版信息: | 北京 现代出版社 2015 |
|
| 页数: | 164页 | |
| 开本: | 24cm | |
| 丛书名: | 中华精神家园 | |
| 单 册: | ||
| 中图分类: | K928.73 | |
| 科图分类: | ||
| 主题词: | 古典园林--介绍--北京 | |
| 电子资源: | ||
| ISBN: | 978-7-5143-2319-1 | |
| 000 | 01165oam2 2200289 450 | |
| 001 | 012001002601 | |
| 005 | 20140926114740.0 | |
| 010 | @a978-7-5143-2319-1@dCNY29.80 | |
| 100 | @a20151101d2015 em y0chiy50 ea | |
| 101 | 0 | @achi |
| 102 | @aCN@b110000 | |
| 105 | @aa z 000yy | |
| 106 | @ar | |
| 200 | 1 | @a非凡胜景@9fei fan sheng jing@e北京著名的皇家园林@f肖东发主编@g向方编著 |
| 210 | @a北京@c现代出版社@d2015 | |
| 215 | @a164页@c图@d24cm | |
| 225 | 2 | @a中华精神家园@i古建风雅 |
| 330 | @a本书主要指北京著名的皇家园林。包括景山公园、静宜园、静明园、畅春园、乾隆花园、慈宁宫花园、御花园、什刹海、建福宫花园、宁寿宫花园的建筑风格特点、历史概况、景点等,其中图文并茂,图解图注,形象直观,赏心悦目,彩色制作,丰富多彩,设计精美,格调高雅,非常适合广大读者阅读和珍藏,也非常适合各级图书馆装备和陈列。 | |
| 461 | 0 | @12001 @a中华精神家园 |
| 462 | 0 | @12001 @a古建风雅 |
| 517 | 1 | @a北京著名的皇家园林@9bei jing zhu ming de huang jia yuan lin |
| 606 | 0 | @a古典园林@x介绍@y北京 |
| 690 | @aK928.73@v5 | |
| 701 | 0 | @a肖东发@9xiao dong fa@4主编 |
| 702 | 0 | @a向方@9xiang fang@4编著 |
| 801 | 0 | @aCN@b上海新华@c20180901 |
| 905 | @b1158290-4@dK928.73@e1106@f5 | |
| 非凡胜景:北京著名的皇家园林/肖东发主编/向方编著.-北京:现代出版社,2015 |
| 164页:图;24cm.-(中华精神家园.古建风雅) |
| ISBN 978-7-5143-2319-1:CNY29.80 |
| 本书主要指北京著名的皇家园林。包括景山公园、静宜园、静明园、畅春园、乾隆花园、慈宁宫花园、御花园、什刹海、建福宫花园、宁寿宫花园的建筑风格特点、历史概况、景点等,其中图文并茂,图解图注,形象直观,赏心悦目,彩色制作,丰富多彩,设计精美,格调高雅,非常适合广大读者阅读和珍藏,也非常适合各级图书馆装备和陈列。 |
| ● |
| 相关链接 |
|
|
|
|
正题名:非凡胜景
索取号:K928.73/1106
 
预约/预借
| 序号 | 登录号 | 条形码 | 馆藏地/架位号 | 状态 | 备注 |
| 1 | 1158290 | 211582900 | 第二样本阅览室/ [索取号:K928.73/1106] | 在馆 | |
| 2 | 1158291 | 211582919 | 密集书库-史法系/ [索取号:K928.73/1106] | 在馆 | |
| 3 | 1158292 | 211582928 | 第二借阅区/ [索取号:K928.73/1106] | 在馆 | |
| 4 | 1158293 | 211582937 | 第二借阅区/ [索取号:K928.73/1106] | 在馆 | |
| 5 | 1158294 | 211582946 | 第二借阅区/ [索取号:K928.73/1106] | 在馆 |